Our babies; their feeding, care, and training, (Record no. 90473)

MARC details
000 -LEADER
fixed length control field 00707cam a22002291 4500
001 - CONTROL NUMBER
control field sg 44000256
003 - CONTROL NUMBER IDENTIFIER
control field DLC
005 - DATE AND TIME OF LATEST TRANSACTION
control field 20260227112744.0
008 - FIXED-LENGTH DATA ELEMENTS--GENERAL INFORMATION
fixed length control field 811121s1944 xx a 000 0 eng
010 ## - LIBRARY OF CONGRESS CONTROL NUMBER
LC control number sg 44000256
035 ## - SYSTEM CONTROL NUMBER
System control number (OCoLC)14732217
040 ## - CATALOGING SOURCE
Original cataloging agency DLC
Transcribing agency DNLM
Modifying agency DLC
042 ## - AUTHENTICATION CODE
Authentication code premarc
050 00 - LIBRARY OF CONGRESS CALL NUMBER
Classification number RJ61
Item number .B94 1944
060 0# - NATIONAL LIBRARY OF MEDICINE CALL NUMBER
Classification number WS 113
Item number B942o 1944
100 1# - MAIN ENTRY--PERSONAL NAME
Personal name Bundesen, Herman Niels,
Dates associated with a name 1882-
245 10 - TITLE STATEMENT
Title Our babies; their feeding, care, and training,
Statement of responsibility, etc. by Dr. Herman N. Bundesen.
260 ## - PUBLICATION, DISTRIBUTION, ETC.
Place of publication, distribution, etc. [Chicago,
Date of publication, distribution, etc. 1944]
300 ## - PHYSICAL DESCRIPTION
Extent cover-title, 96 p.
Other physical details ill.
500 ## - GENERAL NOTE
General note "25th edition." - Author's pref.
500 ## - GENERAL NOTE
General note "Weight table" on p. [3] and "The baby's record" on p. [4] of cover.

No items available.

Powered by Koha